Menová politika a devízový kurz

Udržiavanie stabilnej cenovej hladiny vo vlastnom štáte a udržiavanie stabilného kurzu vlastnej meny voči zahraničným menám sú základné ciele menovej politiky. Určovanie devízových kurzov na základe ponuky a dopytu na po devízach na devízových trhoch. Základné činitele ovplyvňujúce devízové kurzy. S...

ver descrição completa

Na minha lista:
Detalhes bibliográficos
Autor principal: Sobek, Otto
Formato: Capítulo de Livro
Idioma:eslovaco
Assuntos:
Tags: Adicionar Tag
Sem tags, seja o primeiro a adicionar uma tag!

MARC

LEADER 00000naa a2200000 4500
001 r034113
005 20230809074918.5
041 0 |a slo 
044 |a SK 
245 1 0 |a Menová politika a devízový kurz  |c Otto Sobek 
520 |a Udržiavanie stabilnej cenovej hladiny vo vlastnom štáte a udržiavanie stabilného kurzu vlastnej meny voči zahraničným menám sú základné ciele menovej politiky. Určovanie devízových kurzov na základe ponuky a dopytu na po devízach na devízových trhoch. Základné činitele ovplyvňujúce devízové kurzy. Súvislosti úrokovej miery a investovania. Pohyby devízových kurzov a ekonomika krajiny. 
610 2 0 |a politika menová 
610 2 0 |a stabilita meny 
610 2 0 |a kurz devízový 
610 2 0 |a kurz menový 
610 2 0 |a ponuka 
610 2 0 |a dopyt 
610 2 0 |a trh devízový 
610 2 0 |a miera úroková 
610 2 0 |a sadzby úrokové 
610 2 0 |a pohyby kurzové 
610 2 0 |a stabilita hospodárstva 
100 1 |a Sobek, Otto